| 000 | 00000nam 2200000zi 4500 |
| 001 | 9.941094 |
| 003 | CaOODSP |
| 005 | 20250403102725 |
| 006 | m o d f |
| 007 | cr cn||||||||| |
| 008 | 240726t20102010oncd obs f000 0 fre d |
| 040 | |aCaOODSP|bfre|erda|cCaOODSP |
| 043 | |an-cn--- |
| 086 | 1 |aCS85-002/30-5F-PDF |
| 100 | 1 |aKelly, Mary Bess, |eauteur. |
| 245 | 13|aLe traitement des causes de divorce par les tribunaux civils dans sept provinces et territoires / |cpar Mary Bess Kelly. |
| 264 | 1|aOttawa : |bStatistique Canada = Statistics Canada, |c2010. |
| 264 | 4|c©2010 |
| 300 | |a1 ressource en ligne (33 pages) : |bgraphiques. |
| 336 | |atexte|btxt|2rdacontent/fre |
| 337 | |ainformatique|bc|2rdamedia/fre |
| 338 | |aressource en ligne|bcr|2rdacarrier/fre |
| 490 | 1 |aJuristat, |x1205-8882 ; |vVol. 30, no. 1 |
| 500 | |a« Printemps 2010. » |
| 500 | |aPublié aussi en anglais sous le titre : The processing of divorce cases through civil court in seven provinces and territories. |
| 504 | |aComprend des références bibliographiques (page 26). |
| 520 | |a« Au moyen des données de l'Enquête sur les tribunaux civils, le présent article examine le cheminement des causes de divorce dans l'appareil judiciaire civil dans sept provinces et territoires (Nouvelle-Écosse, Ontario, Alberta, Colombie-Britannique, Yukon, Territoires du Nord-Ouest et Nunavut, qui représentent 66 % de la population du Canada). Certains principaux aspects associés à ces causes sont examinés, notamment le volume des causes, le nombre et le type d'activités relatives à la cause et le temps nécessaire pour traiter les causes » -- Page 6. |
| 650 | 6|aDivorce|zCanada|vStatistiques. |
| 655 | 7|aStatistiques|2rvmgf |
| 710 | 2 |aStatistique Canada, |eorganisme de publication. |
| 775 | 08|tThe processing of divorce cases through civil court in seven provinces and territories / |w(CaOODSP)9.941092 |
| 830 | #0|aJuristat,|x1205-8882 ; |vVol. 30, no. 1.|w(CaOODSP)9.936877 |
| 856 | 40|qPDF|s586 Ko|uhttps://publications.gc.ca/collections/collection_2024/statcan/85-002-x/CS85-002-30-5-fra.pdf |
| 856 | 4 |qHTML|sS.O.|uhttps://www150.statcan.gc.ca/n1/pub/85-002-x/2010001/article/11158-fra.htm |
| 986 | |a85-002-X |